Writers’ Pen Names #1 - Statistics

General Stats
  • This quiz has been taken 52 times
    51 since last reset
  • The average score is 4 of 10
Answer Stats
Real Name Pen Name % Correct
Samuel Longhorn Clemens Mark Twain
92%
Theodor Seuss Geisel Dr Seuss
85%
Mary Ann Evans George Eliot
64%
Charles Lutwidge Dodgson Lewis Carroll
62%
François‐Marie Arouet Voltaire
41%
Alisa Zinov’yevna Rosenbaum Ayn Rand
23%
Amandine Aurore Lucile Dupin George Sand
21%
Ricardo Eliecer Neftalí Reyes Basoalto Pablo Neruda
10%
Erika Leonard E L James
8%
Arthur Quiller-Couch Q
5%
No matching quizzes found
Score Distribution
Percent of People with Each Score
Percentile by Number Answered
Your Score History
You have not taken this quiz since the last reset